<?xml version="1.0" encoding="UTF-8"?>
<collection xmlns="http://www.loc.gov/MARC21/slim">
 <record>
  <leader>01101nam a22002295a 4500</leader>
  <controlfield tag="001">CEM.cems021332</controlfield>
  <controlfield tag="008">240801s2018####ag############000#0#und#d</controlfield>
  <controlfield tag="005">20240801175125.0</controlfield>
  <datafield tag="245" ind1="1" ind2="0">
   <subfield code="a">Sandokán /</subfield>
   <subfield code="c">Emilio Salgari ; ilustrado por Martín Morón ; adaptado por Katherine Martínez.</subfield>
  </datafield>
  <datafield tag="260" ind1=" " ind2=" ">
   <subfield code="a">Buenos Aires :</subfield>
   <subfield code="b">Camino al sur,</subfield>
   <subfield code="c">2018.</subfield>
  </datafield>
  <datafield tag="300" ind1=" " ind2=" ">
   <subfield code="a">192 p.</subfield>
  </datafield>
  <datafield tag="490" ind1="1" ind2=" ">
   <subfield code="a">LiteraTubers ;</subfield>
   <subfield code="v">5</subfield>
  </datafield>
  <datafield tag="520" ind1=" " ind2=" ">
   <subfield code="a">El invencible Tigre de la Malasia es conocido por todos. Hay quienes le temen, quienes lo odian y quienes lo admiran. Esta vez ha caído en las trampas del amor. Tendrá que liberar mil batallas, navegar los mares y enfrentar a los ejércitos enemigos en busca de su destino. ¿Será su amor correspondido? ¿Podrá vencer a sus adversarios?</subfield>
  </datafield>
  <datafield tag="500" ind1=" " ind2=" ">
   <subfield code="a">Edad recomendada: entre 8 y 12 años.</subfield>
  </datafield>
  <datafield tag="020" ind1=" " ind2=" ">
   <subfield code="a">9789874677952</subfield>
  </datafield>
  <datafield tag="100" ind1="1" ind2=" ">
   <subfield code="a">Salgari, Emilio.</subfield>
  </datafield>
  <datafield tag="700" ind1="1" ind2=" ">
   <subfield code="a">Morón, Martín; il.</subfield>
  </datafield>
  <datafield tag="700" ind1="1" ind2=" ">
   <subfield code="a">Martínez, Katherine; adapt.</subfield>
  </datafield>
  <datafield tag="653" ind1=" " ind2=" ">
   <subfield code="a">Novela juvenil</subfield>
  </datafield>
  <datafield tag="653" ind1=" " ind2=" ">
   <subfield code="a">Literatura juvenil</subfield>
  </datafield>
  <datafield tag="653" ind1=" " ind2=" ">
   <subfield code="a">Literatura italiana</subfield>
  </datafield>
  <datafield tag="859" ind1=" " ind2=" ">
   <subfield code="a">CEMS</subfield>
   <subfield code="b">BIB. CEMS - Inicial y Primaria</subfield>
   <subfield code="h">853.9</subfield>
   <subfield code="i">Sa329-4</subfield>
   <subfield code="k">IP</subfield>
   <subfield code="p">6840</subfield>
   <subfield code="t">Ej.1</subfield>
  </datafield>
 </record>
</collection>
